000
00215 a2200097 4500
001
17819
100
_a
Rollason, E C
245
_a
Metallurgy for Engineers
260
_a
_b
Arnold Publisher
_c
090
_c
13171
_d
13171
942
_a
NUST-CAE
_c
M
_c
3527
999
_c
252892
_d
252892